00367nam a2200121 a 4500008004100000050001500041100001900056245003800075246006500113260004200178300001600220350000900236120416s1966 ||||||||||||||||| || u aCB 415 Mor aMoraze, Chales14aThe triumph of the middle classes aa political and social history of Europe in the 19th century aGarden city, N.Y.bAnchor Booksc1966 axiii, 577p. a0.00